| 000 | 00673nam a2200205 a 4500 | ||
|---|---|---|---|
| 005 | 20140310183229.0 | ||
| 008 | 040311s19uu xx 00 eng d | ||
| 020 | _a9812470905 | ||
| 050 |
_aQA 76.8.I292 _b.B75 2003 |
||
| 100 | _aBrey, Barry B. | ||
| 245 |
_aThe Intel micprocessors : _b8086/8088, 80186/80188, 80286, 80386, 80486 pentium processors, pentium II, pentium III... / _cBarry B. Brey. |
||
| 250 | _a6th ed. | ||
| 260 |
_aSingapore : _bPearson Education, _c2003. |
||
| 300 |
_axi, 1012p. : _bill. ; _c23cm. |
||
| 521 | _aIT | ||
| 650 | _aIntel 80xxx series microprocessors | ||
| 650 | _aPentium (microprocessors) | ||
| 942 |
_cBK _2lcc _kFOR |
||
| 999 |
_c20465 _d20465 |
||